ÚAP Praha 2020 : obec /

Corporate Author: Institut plánování a rozvoje hlavního města Prahy
Language: Czech
Published: Praha : IPR Praha, [2021]
Edition: První vydání
Subjects:
Online Access: Online verze
Physical Description: 13 svazků : ilustrace (převážně barevné), mapy, plány ; 26 cm
Book
Saved in:
LEADER 03842nam a2200709 ia4500
001 nkc20213346132
003 CZ PrNK
005 20230420112155.0
007 ta
008 230124t20212021xr abe f 000 0 cze
015 |a cnb003346132 
020 |a 978-80-88377-21-4  |q (brožováno)  |z 978-80-88377-22-1 
035 |a (OCoLC)1372330033 
040 |a ABA001  |b cze  |e rda 
043 |a e-xr---  |b e-xr-pg  |2 czenas 
045 |a y2y2 
072 7 |a 71  |x Územní plánování. Urbanismus. Památková péče  |2 Konspekt  |9 21 
080 |a 711.4/.8  |2 MRF 
080 |a 71  |2 MRF 
080 |a 711.4  |2 MRF 
080 |a 338.49  |2 MRF 
080 |a 004.6:91  |2 MRF 
080 |a (437.311)  |2 MRF 
080 |a (094)  |2 MRF 
245 0 0 |a ÚAP Praha 2020 :  |b obec /  |c zpracovatel Institut plánování a rozvoje hlavního města Prahy 
246 3 |a Územně analytické podklady Praha 2020 
246 1 |i Název v tiráži:  |a Územně analytické podklady hl. m. Prahy pro obec :  |b 5. aktualizace, 11/2020 
250 |a První vydání 
264 1 |a Praha :  |b IPR Praha,  |c [2021] 
264 4 |c ©2021 
300 |a 13 svazků :  |b ilustrace (převážně barevné), mapy, plány ;  |c 26 cm 
336 |a text  |b txt  |2 rdacontent 
337 |a bez média  |b n  |2 rdamedia 
338 |a svazek  |b nc  |2 rdacarrier 
500 |a Třináct brožovaných svazků uložených ve společném kartonovém pouzdru s výřezem (28 x 21 x 21 cm) 
500 |a Terminologické slovníky 
504 |a Obsahuje bibliografie a bibliografické odkazy 
505 0 |a [1]. 000-Mapa obsahu : základní údaje o ÚAP obce. 79 stran + 1 plakát (52 x 40 cm složeno na 26 x 20 cm) -- [2]. 050-Metropole a region : širší vztahy a kontext. 111 stran -- [3]. 100-Krajina : přírodní podmínky a životní prostředí. 129 stran -- [4]. 200-Město : fyzické vystavěné prostředí. 159 stran -- [5]. 300-Využití území : obyvatelé a jejich činnosti. 117 stran -- [6]. 400-Potenciál : vnitřní možnosti rozvoje a městská ekonomika. 119 stran -- [7]. 500-Krajinná infrastruktura : cesty zvířat a rostlin. 51 stran -- [8]. 600-Dopravní infrastruktura : toky lidí a zboží. 147 stran -- [9]. 700-Technická infrastruktura : toky médií a informací. 109 stran -- [10]. 800-Veřejná vybavenost : služby obyvatelům města. 123 stran -- [11]. 900-Veřejný zájem a limity : ochrana stávajících a navrhovaných hodnot. 65 stran -- [12]. 1000-Implementace : naplňování městského plánování. 141 stran -- [13]. 1100-Rozbor udržitelného rozvoje : posouzení stavu a vlivů v území. 271 stran 
648 7 |a 2020  |7 ch1076231  |2 czenas 
650 0 7 |a rozvoj měst  |7 ph137468  |z Česko  |2 czenas 
650 0 7 |a územní plánování  |7 ph128364  |z Česko  |2 czenas 
650 0 7 |a urbanismus  |7 ph116541  |z Česko  |2 czenas 
650 0 7 |a infrastruktura  |7 ph114775  |z Česko  |2 czenas 
650 0 7 |a geografická data  |7 ph120512  |z Česko  |2 czenas 
650 0 9 |a urban development  |z Czechia  |2 eczenas 
650 0 9 |a spatial planning  |z Czechia  |2 eczenas 
650 0 9 |a city planning  |z Czechia  |2 eczenas 
650 0 9 |a infrastructure (economics)  |z Czechia  |2 eczenas 
650 0 9 |a geographical data  |z Czechia  |2 eczenas 
651 7 |a Praha (Česko)  |7 ge118011  |2 czenas 
651 9 |a Prague (Czechia)  |2 eczenas 
653 0 |a územně analytické podklady 
655 7 |a dokumenty  |7 fd132064  |2 czenas 
655 9 |a documents  |2 eczenas 
710 2 |a Institut plánování a rozvoje hlavního města Prahy  |7 kn20140702003  |4 aut  |4 isb 
856 4 1 |3 Online verze  |u https://uap.iprpraha.cz/#/ke-stazeni/obec/textova-cast  |4 N 
910 2 |a BOA001  |b UP-1504.060 
928 9 |a Institut plánování a rozvoje hlavního města Prahy 
990 |a BK 
995 |a 01 
991 |b 202302  |c NOV 
996 6 |b 2610930291  |c UP-1504.060  |l MZK  |r Sklad / do 24 hodin  |n 1  |p p.v.  |w 001914514  |u 000010  |a 1  |e BOA001  |j MZK50  |s P